00439cam a22001097a 4500008004000000082001500040245010500055260006900160300001000229650003100239700005900270180718b2000 xxu||||| |||| 00| 0 eng d aX6065x54 R aStatistics of road accidents in India, 1991-1998cby Road Safety Cell, Ministry of Surface Transport aNew DelhibRoad Safety Cell, Ministry of Surface Transportc2000 a111p. aRoads - Statistics - India aIndia. Ministry of Surface Transport. Road Safety Cell